MARC

LEADER 00000nam0a2200000 4500
001 285898
005 20231101235835.0
020 |a RU  |b 85-53859 
035 |a (RuTPU)RU\TPU\book\310185 
090 |a 285898 
100 |a 20150302d1985 k y0rusy5003 ca 
101 0 |a rus 
102 |a RU 
105 |a y z 000zy 
200 1 |a Роботы - в производство  |f И. И. Литаврин 
210 |a Новосибирск  |c Западно-Сибирское книжное издательство  |d 1985 
215 |a 35 с. 
606 1 |a Роботы промышленные  |2 stltpush  |3 (RuTPU)RU\TPU\subj\72894  |9 86249 
610 1 |a робототехника 
610 1 |a научно-технический прогресс 
610 1 |a манипуляторы 
610 1 |a история 
610 1 |a внедрение 
610 1 |a автоматические системы 
675 |a 621.865.8  |v 4 
700 1 |a Литаврин  |b И. И.  |g Игорь Иванович 
801 0 |a RU  |b RuMRKP  |c 19950704  |g psbo 
801 1 |a RU  |b 63413507  |c 20150302 
801 2 |a RU  |b 63413507  |c 20170626  |g RCR 
942 |c BK